书目信息 |
| 题名: |
三十年来阶级和阶级斗争论文选集
|
|
| 作者: | ;中国社科院哲学研究所图书资料室 编 | |
| 分册: | 第二集 | |
| 出版信息: | 北京 中国社科院哲学研究所图书资料室 1980 |
|
| 页数: | 366,73页 | |
| 开本: | 20cm | |
| 丛书名: | ||
| 单 册: | ||
| 中图分类: | D0 | |
| 科图分类: | ||
| 主题词: | 政治理论 | |
| 电子资源: | ||
| ISBN: | ||
| 000 | 00781nam0 2200205 45 | |
| 001 | 0309271595 | |
| 005 | 20060428094207.64 | |
| 010 | @dCNY1.80 | |
| 100 | @a20030927d1980 km y0chiy0120 ea | |
| 101 | 0 | @achi |
| 200 | 1 | @a三十年来阶级和阶级斗争论文选集@ASan Shi Nian Lai Jie Ji He Jie Ji Dou Zheng Lun Wen Xuan Ji@h第二集@e附册@EFu Ce@f中国社科院哲学研究所图书资料室编@Fzhong guo she ke yuan zhe xue yan jiu suo tu shu zi liao shi bian |
| 210 | @a北京@c中国社科院哲学研究所图书资料室@d1980 | |
| 215 | @a366,73页@d20cm | |
| 300 | @a内部参考 | |
| 517 | @a附册@AFu Ce | |
| 606 | 0 | @a政治理论 |
| 690 | @aD0@v3 | |
| 711 | 02 | @a中国社科院哲学研究所图书资料室@Azhong guo she ke yuan zhe xue yan jiu suo tu shu zi liao shi@4编 |
| 801 | @aCN@bTSTC@c20060428 | |
| 905 | @dD0@e1:2(3)@f1@b32412 | |
| 三十年来阶级和阶级斗争论文选集.第二集:附册/中国社科院哲学研究所图书资料室编.-北京:中国社科院哲学研究所图书资料室,1980 |
| 366,73页;20cm |
| 内部参考 |
| ISBN :CNY1.80 |
| ● |
| 相关链接 |
|
|
|
|
正题名:三十年来阶级和阶级斗争论文选集
索取号:D0/1:2(3)
 
预约/预借
| 序号 | 登录号 | 条形码 | 馆藏地/架位号 | 状态 | 备注 |
| 1 | 0032411 | 001670301 | 密集书库/ [索取号:D0/1:2(3)] | 在馆 | |
| 2 | 0032412 | 001526478 | 密集书库/ [索取号:D0/1:2(3)] | 在馆 | |
| 3 | 0032413 | 001670356 | 密集书库/ [索取号:D0/1:2(3)] | 在馆 | |
| 4 | 0032414 | 001669509 | 密集书库/ [索取号:D0/1:2(3)] | 在馆 | |
| 5 | 0032415 | 202302114 | 密集书库/ [索取号:D0/1:2(3)] | 在馆 |